Grandes dates - Statistiques

Statistiques générales
  • Ce quiz a été pris 32 fois
  • Le résultat moyen est 39 sur 301
Statistiques - réponses
Hint Réponse % Correct
Début 30 glorieuses 1945
79%
Hiroshima / Nagasaki 2015
68%
Chute du mur de Berlin 1944
64%
Mort princesse Diana 1997
64%
Attentats Bataclan / Charlie Hebdo 1969
57%
1941
54%
Fin de la WW2 en Europe 1986
54%
Fin de la seconde guerre 1939
50%
Premiers JO 1989
50%
2001
50%
Fin 100 jours juin
50%
11
46%
Débarquement allié 6
46%
septembre
46%
Hitler élu chancelier 1933
43%
Assassinat JFK 1963
43%
Record de température en Californie Septembre
43%
Traité de Rome (CEE) 1492
39%
Invention de la dynamite 1912
39%
Victoire du front populaire 1936
39%
Première coupe du monde foot 1945
39%
Fin de la grande Dépression 1945
39%
Monarchie de juillet 2
39%
Les 3 mousquetaires d'A.D aout
39%
Début 100 jours juillet
39%
Début 2ème restauration 1
36%
1515
36%
Pasteur vaccin contre la rage 8
36%
Krach Boursier (jeudi noir mai
36%
Début de la guerre froide 11
32%
Séparation Église / État 1905
32%
Plan Marshall 1918
32%
1919
32%
1954
32%
Crise des missiles de Cuba 1962
32%
Abolition peine de mort en France 1981
32%
Naissance Napoléon 1991
32%
1992
32%
Premier H sur la lune 21
32%
Doctrine Truman novembre
32%
Fin 2ème restauration Septembre
32%
Fin 1ère république 1793
29%
1917
29%
1922
29%
Mort Léon Tolstoï 1944
29%
Guerre d'Algérie début 1945
29%
1962
29%
Guerre d'Algérie fin 1975
29%
décembre
29%
Mort Louis XIV 1715
25%
Appel du générale de Gaulle 18
25%
Fin de construction Taj Mahal 1917
25%
1ère croisade 1929
25%
1er homme sur la lune 1940
25%
1947
25%
Guerre de Corée 1950
25%
1953
25%
1957
25%
Catastrophe de Tchernobyl 26
25%
Catastrophe Tchernobyl juin
25%
Fondation de rome novembre
25%
Elisabeth 2 reine en ? 1776
21%
Début 1er empire 1792
21%
Fin 1ère restauration 1804
21%
1958
21%
Libération Nelson Mandela ? 1990
21%
Guerre et paix publication 4
21%
Premier wimbledon 476
21%
Fin peste noire 9
21%
Début WW2 (invasion pologne par ALL) avril
21%
Couronnement Elisabeth 2 juillet
21%
Guillaume le conquérant devient roi d'Angleterre 1066
18%
1453
18%
1ers JO modernes 1896
18%
Début Guerre de Sécession 1930
18%
Invention de la radio 1958
18%
Assassinat de Henri IV 1961
18%
Première femme dans l'espace 1961
18%
2005
18%
Débarquement 2009
18%
Assassinat Jules César -44
18%
Alfred Nobel mort avril
18%
1er appel téléphonique (portable) septembre
18%
1095
14%
1610
14%
Naissance Louis XIV 1638
14%
Fin du 2nd empire 1769
14%
Traité de Maastricht 1804
14%
Naissance Einstein 1815
14%
Inauguration du canal du Suez 1815
14%
Conquête Algérie par la france 1830
14%
Prix Nobel Physique Marie Curie 1903
14%
Léon Tolstoï naissance 1903
14%
1946
14%
Indépendance Inde 1947
14%
1947
14%
1ers esclaves africains ? 1990
14%
Michael Jackson mort juin
14%
Mort jeanne d'arc octobre
14%
1337
11%
1453
11%
Bible 1er livre imprimé 1455
11%
Prise de Grenade et fin de la Reconquista 1492
11%
Jacques Cartier dans l’embouchure du Saint-Laurent. 1534
11%
1598
11%
Sacre Louis XIV 1643
11%
Guerre des 7 ans (WW1) 1756
11%
1763
11%
Chute de Constantinople/emp rom orient 18
11%
Chute de l'URSS et fin Guerre froide 1814
11%
Fin 30 glorieuses 1815
11%
Armistice 1815
11%
Fin 3ème république 1815
11%
Découverte de la radioactivité 1815
11%
Madame Bovary parution 1830
11%
Attentat des Tours jumelles 1830
11%
1830
11%
1er tour de France 1848
11%
Révolution bolchévique 1848
11%
Attaque de Pearl Harbor (entrée US WW2 1848
11%
Découverte de l'ADN 1852
11%
Naissance George Sand 1870
11%
Pluton déclarée planète naine 1879
11%
Nationalisation du canal de Suez 1885
11%
Invention cinéma Frères Lumière 1895
11%
Découverte de l'Amérique 1898
11%
Dernière croisade ? 1940
11%
Début de la guerre de 100 ans 1941
11%
1947
11%
Louis XVI guillotiné ? 1948
11%
1948
11%
Premier championnat du monde d'athlé 1957
11%
1er alunissage d'un engin 1966
11%
1993
11%
2022
11%
Naissance jeanne d'arc 24
11%
Entrée en guerre des USA WW1 -27
11%
499
11%
Fin 1er empire janvier
11%
juin
11%
Traité de Versailles octobre
11%
Début construction Notre Dame 1163
7%
Règne de Louis Philippe 1347
7%
Naufrage du Titanic 14/15
7%
Invention réelle de l'imprimerie 1450
7%
Léonard de Vinci naissance 1452
7%
Mort de Mozart 1500
7%
Léonard de Vinci mort 1519
7%
Division en 2 empires romains 1522
7%
Guerre de 30 ans 1618
7%
Traité de Westphalie 1648
7%
1648
7%
Achat de la Corse à Gêne 1768
7%
Invention machine à vapeur 1769
7%
1799
7%
1824
7%
1824
7%
Prix Nobel Einstein 1830
7%
Jules Verne naissance 1830
7%
1852
7%
1861
7%
1865
7%
Accord d'Oslo 1866
7%
1870
7%
Premier vol motorisé d'un avion 1903
7%
Prix Nobel Chimie Marie Curie 1911
7%
1930
7%
1953
7%
Marignan 1955
7%
1956
7%
Prix Nobel Mandela / De Klerk 1993
7%
2006
7%
Droit de vote des femmes 395
7%
Magna Carta 632
7%
Pépin le bref Roi des Francs 751
7%
Déclaration indépendance USA -753
7%
Destruction Pompei par Vésuve 79
7%
Début du 2nd empire aout
7%
Premier homme dans l'espace avril
7%
Découverte de Pluton avril
7%
Début de construction Taj Mahal avril
7%
Premier train à vapeur décembre
7%
décembre
7%
Fin de l'empire romain juillet
7%
3ème république début juillet
7%
Lancement de Youtube juillet
7%
Mort George Sand juillet
7%
Jules Verne mort juillet
7%
Début peste noire mai
7%
Début 1ère république septembre
7%
Début 2ème république septembre
7%
Fin de la guerre de 100 ans septembre
7%
septembre
7%
Débarquement baie des cochons 1027
4%
Guillaume le conquérant vie 1087
4%
Finition Taj Mahal total 1096
4%
Pause de l'empire romain d'Orient (byz) 1204
4%
Victoire francaise à Bouvines 1214
4%
1215
4%
1272
4%
Début 4ème république 1352
4%
1412
4%
1431
4%
Tour du monde de Magellan 1519
4%
1804
4%
1818
4%
Printemps des peuples 1848
4%
1869
4%
Invention du téléphone 1876
4%
Lois Ferry 1882
4%
1883
4%
1898
4%
Édit de Nantes 1921
4%
1952
4%
1963
4%
Arrivée d'Internet 1969
4%
Indépendance du Bangladesh 1971
4%
Prix Nobel de la paix Yaser Arafat 1994
4%
Mérovingiens 481
4%
Bapteme de Clovis (religion chrétienne) 496
4%
498
4%
Révolution des 3 glorieuses 5
4%
5
4%
Fin Guerre de Sécession 7
4%
751
4%
Découverte du Brésil -776
4%
9
4%
Michael Jackson naissance aout
4%
avril
4%
avril
4%
En quelle année mort Gandhi février
4%
février
4%
février
4%
Fin 4ème république janvier
4%
juillet
4%
Début 1ère restauration mai
4%
Fondation de l'URSS mai
4%
Mort Einstein mars
4%
Règne de Charles X début mars
4%
novembre
4%
septembre
4%
Invasion de la Pologne par l'Allemagne 1261
0%
Fin construction Notre Dame 1345
0%
Officialisation de l'imprimerie ? 1535
0%
Chienne Laika dans l'espace ? 1619
0%
1632
0%
1648
0%
1653
0%
1756
0%
1791
0%
1804
0%
Gustave Flaubert 1821
0%
1828
0%
1828
0%
Alfred Nobel naissance ? 1833
0%
Invention du télégraphe 1844
0%
Mort Karl Marx 1844
0%
1857
0%
Proclamation d'émancipation 1863
0%
1869
0%
1876
0%
Fin de reigne et mort Elisabeth 2 1877
0%
Ampoule électrique 1879
0%
Appel du Générale de Gaulle 1880
0%
1er montagnes russes 1884
0%
1888
0%
Guerre d'indépendance cubaine 1895
0%
1895
0%
Condamnation de Nelson Mandela 1896
0%
1898
0%
1905
0%
1909
0%
1910
0%
Fondation univ d'Oxford 1913
0%
1953
0%
Début de l'Apartheid 1962
0%
Fin de l'Apartheid 1964
0%
1ère sortie flottante dans l'espace 1965
0%
Champ athlé x2 ans 1973
0%
1983
0%
Prix Nobel Marconi 1987
0%
1991
0%
1ère Intifada 1993
0%
Sacre CLOVIS 481
0%
Prophète Mahomet, fondateur islam 570
0%
Règne de Louis XVIII aout
0%
Début de l'empire romain avril
0%
Naissance de Mozart avril
0%
avril
0%
décembre
0%
Arrestation de Nelson Mandela février
0%
février
0%
Naissance Karl Marx janvier
0%
Découverte des ondes radios juin
0%
juin
0%
juin
0%
Fin 2ème république mars
0%
mars
0%
mars
0%
octobre
0%
octobre
0%
Aucun quiz correspondant
Distribution des résultats
% des personnes avec chaque résultat
Percentile par nombre de réponses
Votre historique - résultats
Vous n’avez pas pris ce quiz